000
00261nam a22001217a 4500
082
_a
823
_b
CHA/G
100
_a
DICKENS, CHARLES
245
_a
GREAT EXPECTATIONS
260
_a
BOMBAY
_b
OXFORD
_c
1993
300
_a
127
650
_a
ENGLISH STORY
_z
INDIA
942
_c
BK
999
_c
7266
_d
7266